| 000 | 00907cab a2200313 4500 | ||
|---|---|---|---|
| 001 | ABS60211 | ||
| 008 | 090401t1999 xxu||||| |||| 00| 0 eng d | ||
| 035 | _a(Sirsi) u91562 | ||
| 041 | _aeng | ||
| 100 | _aRaymond, S. | ||
| 245 | 2 | _aA management guide to sensible workplaces | |
| 260 | _c1999 | ||
| 350 | _a0 | ||
| 490 |
_aFacilities Management Guide _v(22) February 1999, 16 pages (LOAN) |
||
| 520 | _aA management guide to sensible workplaces and intelligent buildings. | ||
| 650 |
_aBlock management _96220 |
||
| 650 | _aENERGY USE | ||
| 650 | _aERGONOMICS | ||
| 650 | _aFURNITURE | ||
| 650 | _aMANAGEMENT-BUSINESS MANAGEMENT-INFORMATION MANAGEMENT | ||
| 650 | _aINTELLIGENT BUILDINGS | ||
| 650 | _aSENSIBLE WORKPLACES | ||
| 650 | _aSPACE | ||
| 650 | _aWORKSPACE | ||
| 690 | _aOFFICE SERVICES AND ADMINISTRATION | ||
| 700 | _aCunliffe, R. | ||
| 942 | _n0 | ||
| 948 | _c24/02/1999 | ||
| 999 |
_c58136 _d58136 |
||